| 000 | 00470nam a22001811a 4500 | ||
|---|---|---|---|
| 001 | 5780 | ||
| 003 | OSt | ||
| 005 | 20260204212028.0 | ||
| 008 | 060209s1988||||cu ||||||b||||||||||spa|| | ||
| 050 | _a370.11 R859q | ||
| 100 | _aRuíz Hernández, J. Vetelio | ||
| 245 | _aQuien habla bien piensa bien / J. Vetelio Ruíz Hernández | ||
| 264 | _aCuba : ENPES | ||
| 300 | _a177 p | ||
| 500 | _aIncluye bibliografía. | ||
| 650 | _a1.Educación BásicaÌ | ||
| 942 |
_2ddc _cBK |
||
| 999 |
_c5780 _d5780 |
||